|
|
|
|
| LEADER |
01012nam a22002297i 4500 |
| 003 |
GR-PaULI |
| 005 |
20210117211139.0 |
| 008 |
170302q1910 gw f 000 0 gre d |
| 952 |
|
|
|0 0
|1 0
|2 ddc
|4 0
|6 885_010000000000000_ΛΟΓ
|7 0
|9 243048
|a LISP
|b LISP
|c ADM
|d 2020-09-03
|e ΚΑΛ
|i 12516
|l 0
|o 885.01 ΛΟΓ
|p 025000275377
|r 2020-09-03 00:00:00
|t 1
|v 2020.00
|w 2020-09-03
|y BKN
|
| 999 |
|
|
|c 146661
|d 146661
|
| 040 |
|
|
|a GR-PaULI
|b gre
|c GR-PaULI
|e AACR2
|
| 082 |
0 |
4 |
|2 23
|a 885.01
|
| 100 |
0 |
|
|9 84212
|a Λογγίνος,
|d 1ος αιώνας μ.Χ.
|e συγγραφέας.
|
| 245 |
1 |
2 |
|a Περί ύψους =
|b De sublimitate libellus /
|c Διονυσίου ή Λογγίνου ; in usum scholarum edidit Otto Iahn.
|
| 246 |
1 |
1 |
|a De sublimitate libellus
|
| 250 |
|
|
|a 4um ed.
|
| 260 |
|
|
|a Lipsiae :
|b Aedibus B. G. Teubneri,
|c [1910?]
|
| 300 |
|
|
|a xx, 92 σ. ;
|c 22 εκ.
|
| 655 |
|
4 |
|a Ρητορική, Αρχαία.
|
| 700 |
1 |
|
|9 182716
|a Jahn, Otto,
|d 1813-1869
|e επιμελητής.
|
| 942 |
|
|
|2 ddc
|c BKN
|
| 998 |
|
|
|c ΜΠΟΥΡΑΣ
|d 2020-09
|